<?xml version="1.0" encoding="UTF-8"?>
<record
    xmlns:xsi="http://www.w3.org/2001/XMLSchema-instance"
    xsi:schemaLocation="http://www.loc.gov/MARC21/slim http://www.loc.gov/standards/marcxml/schema/MARC21slim.xsd"
    xmlns="http://www.loc.gov/MARC21/slim">

  <leader>03070nab a2200277 a 4500</leader>
  <controlfield tag="005">20250313112015.0</controlfield>
  <controlfield tag="007">ta</controlfield>
  <controlfield tag="008">250313e2024    dr jn|p|rl|||||0| ||spa d</controlfield>
  <datafield tag="022" ind1=" " ind2=" ">
    <subfield code="a">2518-4865</subfield>
  </datafield>
  <datafield tag="040" ind1=" " ind2=" ">
    <subfield code="a">DO-SdBNP</subfield>
    <subfield code="c">BNPHU</subfield>
    <subfield code="e">rda</subfield>
  </datafield>
  <datafield tag="041" ind1=" " ind2=" ">
    <subfield code="h">spa</subfield>
  </datafield>
  <datafield tag="100" ind1=" " ind2=" ">
    <subfield code="a">Mej&#xED;a Taveras, Samuel </subfield>
    <subfield code="9">87191</subfield>
    <subfield code="e">autor</subfield>
  </datafield>
  <datafield tag="245" ind1=" " ind2=" ">
    <subfield code="a">Inteligencia artificial en el &#xE1;mbito electoral / </subfield>
    <subfield code="c">Samuel Mej&#xED;a Taveras.</subfield>
  </datafield>
  <datafield tag="264" ind1=" " ind2=" ">
    <subfield code="a">Santo Domingo, Rep&#xFA;blica Dominicana : </subfield>
    <subfield code="b">Tribunal Superior Electoral, </subfield>
    <subfield code="c">2024.</subfield>
  </datafield>
  <datafield tag="300" ind1=" " ind2=" ">
    <subfield code="a">p&#xE1;ginas 66-73 : </subfield>
    <subfield code="b">ilustraciones, fotograf&#xED;as,  </subfield>
    <subfield code="c">28 cm.</subfield>
  </datafield>
  <datafield tag="310" ind1=" " ind2=" ">
    <subfield code="a">Tres veces al a&#xF1;o.</subfield>
    <subfield code="b">Revista Justicia Electoral 2016.</subfield>
  </datafield>
  <datafield tag="336" ind1=" " ind2=" ">
    <subfield code="a">texto</subfield>
    <subfield code="b">txt </subfield>
    <subfield code="2">rdacontent</subfield>
  </datafield>
  <datafield tag="337" ind1=" " ind2=" ">
    <subfield code="a">sin mediaci&#xF3;n </subfield>
    <subfield code="b">n</subfield>
    <subfield code="2">rdamedia</subfield>
  </datafield>
  <datafield tag="338" ind1=" " ind2=" ">
    <subfield code="a">volumen </subfield>
    <subfield code="b">nc</subfield>
    <subfield code="2">rdacarrier</subfield>
  </datafield>
  <datafield tag="362" ind1=" " ind2=" ">
    <subfield code="a">Edici&#xF3;n No. 2. (Marzo-Agosto 2023).</subfield>
  </datafield>
  <datafield tag="521" ind1=" " ind2=" ">
    <subfield code="a">La utilizaci&#xF3;n de la IA excede el campo del entretenimiento; por ejemplo, el sector bancario. No es ocioso que la Superintendencia de Bancos de la Rep&#xFA;blica Dominicana confirme que el 34% de las Entidades de Intermediaci&#xF3;n Financieras utilizan IA, asistiendo en el an&#xE1;lisis de grandes cantidades de datos, posibilitando la detecci&#xF3;n de patrones sospechosos de actividad, como las transacciones inusuales o compras que se desv&#xED;an del patr&#xF3;n habitual de un usuario2. Por dem&#xE1;s, puede automatizar tareas repetitivas, lo que seg&#xFA;n la misma entidad estatal &#x201C;[...] ha permitido que los empleados se concentren en tareas m&#xE1;s complejas y de mayor valor&#x201D;3 y &#x201C;[...] minimiza los errores derivados de la intervenci&#xF3;n manual, 
mejorando as&#xED; el desempe&#xF1;o general, lo que se traduce en un servicio m&#xE1;s &#xE1;gil y preciso para los clientes. Por consiguiente, entre tantas virtudes y retos que trae la IA, solo nos queda decir &#x2014;con la salvedad de que este texto es una gota dentro del mar de escenarios que se puede plantear sobre la problem&#xE1;tica&#x2014; que los Estados deben estar orientados &#x2014; como ya se ha previsto en ciertas partes del mundo&#x2014; a regular y utilizar la IA para mejorar los servicios que le ofrece la ciudadan&#xED;a y para proteger a la misma del uso indebido de estas. En consecuencia, coincidimos que la IA, utilizada con extrema precauci&#xF3;n, es un aliado para el fortalecimiento de la democracia, especialmente donde se tenga que utilizar fuego contra fuego. Sin embargo, as&#xED; como las vacunas deben estar vinculadas a un f&#xE9;rreo mecanismo de control para su utilizaci&#xF3;n, por igual, en el plano inform&#xE1;tico, estas tecnolog&#xED;as deben ser reguladas por normas, pr&#xE1;cticas y &#xF3;rganos del Estado dotados de la capacidad jur&#xED;dica, t&#xE9;cnica, funcionarial y presupuestaria para poder utilizarla y enfrentarlas a la vanguardia de las circunstancias.
</subfield>
  </datafield>
  <datafield tag="650" ind1=" " ind2="0">
    <subfield code="a">Inteligencia artificial</subfield>
    <subfield code="9">6152</subfield>
    <subfield code="v">Publicaci&#xF3;n peri&#xF3;dica</subfield>
    <subfield code="x">Derecho</subfield>
    <subfield code="z">Rep&#xFA;blica Dominicana</subfield>
  </datafield>
  <datafield tag="773" ind1="0" ind2=" ">
    <subfield code="0">57766</subfield>
    <subfield code="9">321465</subfield>
    <subfield code="a">Tribunal Superior Electoral</subfield>
    <subfield code="d">Santo Domingo, Rep&#xFA;blica Dominicana : Tribunal Superior Electoral, 2023.</subfield>
    <subfield code="o">2025-1794</subfield>
    <subfield code="t">Justicia electoral /</subfield>
  </datafield>
  <datafield tag="856" ind1=" " ind2=" ">
    <subfield code="a">https://tse.do/wp-content/uploads/2024/11/Revista-Justicia-Electoral-4.pdf</subfield>
  </datafield>
  <datafield tag="942" ind1=" " ind2=" ">
    <subfield code="2">ddc</subfield>
    <subfield code="c">ISSUE</subfield>
  </datafield>
  <datafield tag="999" ind1=" " ind2=" ">
    <subfield code="c">58417</subfield>
    <subfield code="d">58417</subfield>
  </datafield>
</record>
